Normal view
MARC view
- LAUNCH VEHICLES -ENCYCLOPEDIAS. ASTRONAUTICS - ENCYCLOPEDIAS.REUSABLE SPACE VEHICLE-ENCYCLOPEDIA.SPACE ,SHUTTLES-ENCYCLOPEDIAS.SPACE LAUNCH SYSTEMS, SPACE VEHICLE-ANGARA,SPACE VEHICLE- ARIANE, SPACE VEHICLE-ATHENA, SPACE VEHICLE-ATLAS,SPACE VEHICLE- CYCLONE,SPACE VEHICLE- DELTA,SPACE VEHICLE- DNEPR,SPACE VEHICLE- FALCON, SPACE VEHICLE-H-IIA,SPACE VEHICLE- K-I, SPACE VEHICLE-KAITUOZHE,SPACE VEHICLE- KOSMOS,SPACE VEHICLE- M-V, SPACE VEHICLE-MONOTAUR,SPACE VEHICLE- PEGASUS,SPACE VEHICLE- PROTON,SPACE VEHICLE- PSLV AND GSLV,SPACE VEHICLE- ROCKOT,SPACE VEHICLE- SCORPIUS,SPACE VEHICLE- SHAVIT AND LEALINK,SPACE VEHICLE- SHTIL AND VOLNA, SPACE SHUTTLE
Entry Topical Term
001 - CONTROL NUMBER
- control field: 60053
003 - CONTROL NUMBER IDENTIFIER
- control field: NUST
005 - DATE AND TIME OF LATEST TRANSACTION
- control field: 20210628202455.0
008 - FIXED-LENGTH DATA ELEMENTS
- fixed length control field: 210628|| aca||aabn | a|a d
040 ## - CATALOGING SOURCE
- Original cataloging agency: NUST
- Transcribing agency: NUST
150 ## - HEADING--TOPICAL TERM
- Topical term or geographic name entry element: LAUNCH VEHICLES -ENCYCLOPEDIAS. ASTRONAUTICS - ENCYCLOPEDIAS.REUSABLE SPACE VEHICLE-ENCYCLOPEDIA.SPACE ,SHUTTLES-ENCYCLOPEDIAS.SPACE LAUNCH SYSTEMS, SPACE VEHICLE-ANGARA,SPACE VEHICLE- ARIANE, SPACE VEHICLE-ATHENA, SPACE VEHICLE-ATLAS,SPACE VEHICLE- CYCLONE,SPACE VEHICLE- DELTA,SPACE VEHICLE- DNEPR,SPACE VEHICLE- FALCON, SPACE VEHICLE-H-IIA,SPACE VEHICLE- K-I, SPACE VEHICLE-KAITUOZHE,SPACE VEHICLE- KOSMOS,SPACE VEHICLE- M-V, SPACE VEHICLE-MONOTAUR,SPACE VEHICLE- PEGASUS,SPACE VEHICLE- PROTON,SPACE VEHICLE- PSLV AND GSLV,SPACE VEHICLE- ROCKOT,SPACE VEHICLE- SCORPIUS,SPACE VEHICLE- SHAVIT AND LEALINK,SPACE VEHICLE- SHTIL AND VOLNA, SPACE SHUTTLE
670 ## - SOURCE DATA FOUND
- Source citation: Work cat.: (NUST): Isakowitz, Steven .J Hopkins, Joshua .B Hopkins, Joseph .P 60052, International reference guide to space launch systems, 2004
